000 00536 a2200217 4500
005 20250224153234.0
008 250224b |||||||| |||| 00| 0 eng d
020 _a9789355737717
_cRs. 850.00
040 _aMAIN
082 _a620.105
_bG959S(2)
100 _aGupta, J K
245 _aStrength of materials: Mechanics of solids
250 _a2nd
260 _bCengage India
_aDelhi
_c2024
300 _axiv, 734
650 _aEngineering
650 _aMechanics
650 _aMaterials
700 _aGupta, S K
942 _cBK
999 _c386560
_d386560